| 000 | 00516nam a2200157Ia 4500 | ||
|---|---|---|---|
| 008 | 210716s1993 xx 000 0 und d | ||
| 020 | _a8185623102X | ||
| 041 | _aeng | ||
| 082 | _a006.3 NOYJ | ||
| 100 | _aNoyes, James L. | ||
| 245 |
_aArtificial intelligence with common lisp: fundamental of symbolic and numeric processing. _bFundamental of symbolic and numeric processing. |
||
| 250 | _a1 | ||
| 260 |
_aNew Delhi _bGalgotia Publication Pvt Ltd _c1993 |
||
| 300 | _axvii,542 | ||
| 650 | _aArtifical Intelligence | ||
| 999 |
_c182640 _d182640 |
||